000 01125nam a22002537a 4500
005 20170124103107.0
010 _aB-048248
020 _c150.00
035 _aB-048248
037 _bCen Lib/Ret
040 _aDPL
_bHN
082 _a230.64
_bएकता
245 _aएकता और आस्था के प्रतीक /
_cसम्पादक संजय भोला
246 _aEkta aur astha ke prateek /
_bby Sanjay Bhola
260 _aनई दिल्ली
_bमित्तल बुक एजेन्सी
_c2001
270 _a3072/5, गोला मार्किट(गोलचा सिनेमा के पीछे), दरिया गंज
_bनई दिल्ली
_e110002
300 _a128पृ.
_c20सेमी(सजिल्द)
650 _aहिन्दू धर्म
_91413
650 _aहिन्दू -- पर्व एवं व्रत
_978703
650 _aHindu religion
_978704
650 _aHindu - Feast and Fast
_978705
700 _aभोला, संजय
_978706
942 _2ddc
_cHN
_h230.64
_mएकता
999 _c118177
_d118177